000 01296nam0a22002891 4500
001 rc\4652172
005 20130416202358.8
021 _aRU
_b67-6300
021 _aRU
_bРг10769-67
035 _a(NLR Aleph) 008412934
090 _a9308128
_c9308128
100 _a20130416d1967 |||y0rusy50 ca
101 0 _arus
102 _aRU
105 _ay z |||||
200 1 _aСостояние нормирования тепловой энергии на предприятиях, потребляющих тепло от станций энергосистемы
_fСССР. М-во энергетики и электрификации. Главуралэнерго. Энергосбыт Пермэнерго
210 _aПермь
_cБ. и.
_d1967
215 _a7 с.
_d20
300 _aВ конце текста сост.: инж.: Немченко С.А.
423 0 _11010#$arus
_12001#$aРекомендации по автоматизации тепловых режимов работы теплоиспользующего оборудования
702 1 _aНемченко
_bС. А.
_4220
712 0 2 _aЭнергосбыт
_cПермь
_3RU\NLR\AUTH\8810166448
801 0 _aRU
_bNLR
_gpsbo
801 1 _aRU
_bELAR
_2rusmarc
852 _aNLR
_j67-4/18357
942 _cBOOK
980 _aNB